| 000 | 00609nam a22002177a 4500 | ||
|---|---|---|---|
| 005 | 20150630152244.0 | ||
| 008 | 140714b xxu||||| |||| 00| 0 Urdu d | ||
| 010 | _aUR-9136 | ||
| 020 | _c300.00 | ||
| 035 | _aU-7691 | ||
| 037 | _bDBAD | ||
| 040 |
_aDPL _bUrdu |
||
| 082 | _a ک | ||
| 100 | _aيسين ا حمد | ||
| 245 |
_aد ھا ر _cيسين ا حمد |
||
| 246 | h |
_aDhar _bByYaseen Ahmad |
|
| 260 |
_bAl-Ansar Publications _c2011 _aHyderabad |
||
| 270 |
_a#18-8-223/12/A, Riyasat Nagar, _bHyderabad _k 09391301192 _e500023 |
||
| 300 |
_a184ص _c22Cm (Hb) |
||
| 942 |
_2ddc _cUR _e _h ک _mی ا س |
||
| 999 |
_c94574 _d94574 |
||